LDR 00834naa#a2200169#i#450# 001 RU\\bibl\121808 005 20260605055326.5 011 ## _a2073-0454 100 ## _a20260226b2026####ek#y0rusy0150####ca 102 ## _aRU 200 1# _aРазвитие Северного морского пути как фактора экономической безопасности России _eЖурнальная статья 210 1# _aМосква _cМосковский университет МВД России имени В.Я. Кикотя _d2026 215 ## _a6 с. 608 ## _aЖурнальная статья _2local 675 ## _aЭкономическая политика. Управление и планирование в экономике. 338.2 _z 700 #1 _aИванова _gЛюдмила Николаевна 856 4# _amosumvd.editorum.ru _u